Word Ladder: Three-Letter Bands Quiz Stats

 Plays Quiz Updated May 19, 2018

Challenge
Share
Tweet
Embed
Score 0/22 Timer 03:00
0 Plays Today
Clue 3-Letter Word % Correct
Did a marathonRAN
97%
Male sheepRAM
96.2%
Teacher's favorite studentPET
94.4%
Cover of a jarLID
91.9%
Benatar or Sajak, e.g.PAT
90.7%
♪ 'Losing My Religion' band ♪♪ R.E.M. ♪
90.4%
Tokyo currencyYEN
89.9%
Showed the wayLED
88.6%
Director Anderson or CravenWES
84.5%
Cave dwellerBAT
83.7%
On the other handBUT
83%
Clue 3-Letter Word % Correct
Type of hairstyle or breadBUN
82.8%
♪ 'Are You Gonna Be My Girl' band ♪♪ JET ♪
82.3%
♪ 'Owner of a Lonely Heart' band ♪♪ YES ♪
81.5%
Protrude, like a jawJUT
81.2%
♪ 'Steal My Sunshine' band ♪♪ LEN ♪
81.1%
Verb commonly used by historiansWAS
79.8%
Setting of many jokesBAR
78.1%
♪ 'Low Rider' band ♪♪ WAR ♪
72.6%
Geisha accessoryFAN
72.4%
♪ 'We Are Young' band ♪♪ FUN. ♪
70.3%
♪ 'My Own Worst Enemy' band ♪♪ LIT ♪
40.6%

Today's Daily Dose

Missing Word
Britpop Albums

Word Ladder
Sing It!

On This Day
December 14th II

You're not logged in!

Compare scores with friends on all Sporcle quizzes.
OR
Log In

You Might Also Like...

Show Comments

Extras

Top Quizzes Today


Score Distribution

Your Account Isn't Verified!

In order to create a playlist on Sporcle, you need to verify the email address you used during registration. Go to your Sporcle Settings to finish the process.

Report this User

Report this user for behavior that violates our Community Guidelines.

Details: